000
00293nam a22001337a 4500
008
180803b xxu||||| |||| 00| 0 eng d
082
_a
813.52
245
_a
On music Appreciation
_c
NOXOS
260
_c
2007
300
_a
2
_f
CD
440
_x
786143018101
760
_b
2 nd
942
_2
ddc
_c
MX
999
_c
46776
_d
46776